中国所有国家历史文化名城(城市点位地图版) - Statistics

General Stats
  • This quiz has been taken 86 times
    62 since last reset
  • The average score is 104 of 144
Answers on the Map
Answers color-coded by a green-red scale on the quiz's map according to % correct below.
 
Answer Stats
省级行政区 城市 % Correct
直辖市 北京市
100%
直辖市 天津市
98%
直辖市 上海市
98%
江苏省 苏州市
98%
山东省 济南市
98%
山东省 青岛市
98%
江苏省 无锡市
96%
河南省 郑州市
96%
河南省 洛阳市
96%
云南省 昆明市
96%
陕西省 西安市
96%
陕西省 咸阳市
96%
山西省 太原市
94%
山西省 大同市
94%
江苏省 南京市
94%
江苏省 徐州市
94%
浙江省 杭州市
94%
浙江省 宁波市
94%
西藏自治区 拉萨市
94%
河北省 保定市
92%
辽宁省 沈阳市
92%
吉林省 长春市
92%
江苏省 扬州市
92%
浙江省 温州市
92%
福建省 福州市
92%
福建省 泉州市
92%
湖北省 武汉市
92%
湖南省 长沙市
92%
广东省 广州市
92%
四川省 成都市
92%
宁夏回族自治区 银川市
92%
河北省 邯郸市
90%
黑龙江省 哈尔滨市
90%
山东省 烟台市
90%
广西壮族自治区 桂林市
90%
新疆维吾尔自治区 喀什市
90%
吉林省 吉林市
88%
江苏省 常州市
88%
浙江省 嘉兴市
88%
江西省 南昌市
88%
直辖市 重庆市
88%
河北省 承德市
85%
内蒙古自治区 呼和浩特市
85%
江苏省 泰州市
85%
浙江省 衢州市
85%
山东省 泰安市
85%
河南省 开封市
85%
海南省 海口市
85%
贵州省 遵义市
85%
云南省 大理市
85%
陕西省 延安市
85%
甘肃省 天水市
85%
甘肃省 敦煌市
85%
江苏省 南通市
83%
江苏省 淮安市
83%
江苏省 镇江市
83%
浙江省 湖州市
83%
浙江省 绍兴市
83%
福建省 莆田市
83%
江西省 景德镇市
83%
河南省 安阳市
83%
湖北省 荆州市
83%
浙江省 金华市
81%
江西省 赣州市
81%
广东省 佛山市
81%
云南省 丽江市
81%
西藏自治区 日喀则市
81%
陕西省 榆林市
81%
甘肃省 武威市
81%
甘肃省 张掖市
81%
黑龙江省 齐齐哈尔市
79%
安徽省 安庆市
79%
广西壮族自治区 柳州市
79%
新疆维吾尔自治区 吐鲁番市
79%
江西省 九江市
77%
山东省 曲阜市
77%
湖北省 襄阳市
77%
湖南省 岳阳市
77%
广西壮族自治区 北海市
77%
福建省 漳州市
75%
河南省 商丘市
75%
广东省 惠州市
75%
广东省 潮州市
75%
陕西省 汉中市
75%
山东省 蓬莱区
73%
河南省 南阳市
73%
广东省 梅州市
73%
广东省 中山市
73%
河北省 山海关区
71%
山西省 平遥县
71%
辽宁省 辽阳市
71%
江苏省 常熟市
71%
河南省 濮阳市
71%
四川省 乐山市
71%
四川省 宜宾市
71%
山东省 聊城市
69%
湖北省 随州市
69%
广东省 雷州市
69%
安徽省 亳州市
67%
广东省 肇庆市
67%
湖南省 永州市
65%
四川省 泸州市
65%
新疆维吾尔自治区 库车市
65%
江苏省 高邮市
63%
四川省 自贡市
63%
新疆维吾尔自治区 伊宁市
63%
江苏省 宜兴市
60%
江西省 抚州市
60%
山东省 临淄区
60%
湖南省 凤凰县
60%
山东省 青州市
58%
四川省 都江堰市
58%
安徽省 寿县
54%
四川省 阆中市
54%
浙江省 临海市
52%
安徽省 歙县
52%
江西省 瑞金市
52%
江苏省 兴化市
50%
河北省 正定县
48%
吉林省 集安市
48%
陕西省 韩城市
48%
山西省 代县
46%
安徽省 黟县
46%
安徽省 绩溪县
46%
山东省 邹城市
46%
浙江省 龙泉市
44%
安徽省 桐城市
42%
山西省 新绛县
40%
山西省 祁县
38%
湖北省 钟祥市
38%
贵州省 镇远县
38%
河北省 蔚县
35%
福建省 长汀县
33%
云南省 建水县
33%
青海省 同仁市
33%
新疆维吾尔自治区 特克斯县
31%
河南省 浚县
29%
四川省 会理市
29%
云南省 剑川县
27%
西藏自治区 江孜县
25%
云南省 通海县
23%
云南省 巍山彝族回族自治县
21%
海南省 琼山区
19%
云南省 会泽县
19%
No matching quizzes found
Score Distribution
Percent of People with Each Score
Percentile by Number Answered
Your Score History
You have not taken this quiz since the last reset